Hydrologic data networks, Island of Molokai : Rainfall stations, stream gage stations, ground water /

Bibliographic Details
Corporate Author: Hawaii. Division of Water and Land Development
Format: Book
Language:English
Published: Honolulu : The Division, 1970.
Series:Circular (Hawaii. Division of Water and Land Development) ; no. 59.
Subjects:

MARC

Tag First Indicator Second Indicator Subfields
LEADER 00000cam a2200000 4500
001 in00000996921
005 20150927155715.0
008 750220s1970 hiub 00010 eng d
035 |a (OCoLC)01182469 
035 |9 AEY3556AM 
040 |a DLM  |c DLM  |d m.c.  |d TXA  |d UtOrBLW 
049 1 |a TXA2 
090 |a GB832.H4  |b C5 no. 59 
110 1 |a Hawaii. Division of Water and Land Development. 
245 1 0 |a Hydrologic data networks, Island of Molokai :  |b Rainfall stations, stream gage stations, ground water /  |c Hawaii. Division of Water and Land Development. 
264 1 |a Honolulu :  |b The Division,  |c 1970. 
300 |a  iv, 29 pages, 1 unnumbered leaves :  |b maps, (5 folded leaves) ;  |c 28 cm. 
336 |a text  |b txt  |2 rdacontent 
337 |a unmediated  |b n  |2 rdamedia 
338 |a volume  |b nc  |2 rdacarrier 
490 1 |a Hawaii. Division of Water and Land Development. Circular ;  |v no. 59 
650 0 |a Water-supply  |z Hawaii  |z Molokai. 
650 0 |a Hydrology  |z Hawaii  |z Molokai  |x Statistics. 
651 0 |a Molokai (Hawaii) 
830 0 |a Circular (Hawaii. Division of Water and Land Development) ;  |v no. 59. 
999 |a MARS 
999 f f |s ba29378b-4ab7-3dbd-b11c-3ca39aacf4e0  |i 71ccb697-6f60-37c6-b1f3-4c17075c05a3  |t 0 
952 f f |p ric  |a Texas A&M University  |b Rellis Campus  |c Joint Library Facility  |d Remote Storage  |t 0  |e GB832.H4 C5 no.59  |h Library of Congress classification  |i unmediated -- volume  |k no.59  |l 1970  |m A14814858129 
998 f f |a GB832.H4 C5 no.59  |t 0  |l Remote Storage